Iowa Cities: Sudden Death - Statistics

General Stats
  • This quiz has been taken 586 times
  • The average score is 8 of 11
Answers on the Grid
Answers color-coded by a green-red scale on the quiz's grid according to % correct below.
Council Bluffs
Waterloo
Wichita
Flint
Columbus Circle
St. Louis
Milwaukee
Wisteria
Iowa City
Sioux City
Sioux Falls
Fargo
Davenport
Cleveland
Cedar Rapids
Des Moines
Ames
Broken Arrow
Bismarck
Joplin
Hendrix
Ankeny
West Des Moines
Lexington
Dubuque
 
Answer Stats
Answer % Correct
Council Bluffs
81%
Iowa City
76%
Waterloo
76%
Des Moines
71%
Cedar Rapids
69%
Sioux City
69%
Davenport
65%
Dubuque
65%
West Des Moines
65%
Ames
64%
Ankeny
54%
No matching quizzes found
Score Distribution
Percent of People with Each Score
Percentile by Number Answered
Your Score History
You have not taken this quiz